Sahitya alochana (Record no. 3492)
[ view plain ]
| 000 -LEADER | |
|---|---|
| fixed length control field | 00492cam a2200193ua 4500 |
| 001 - CONTROL NUMBER | |
| control field | 3665 |
| 005 - DATE AND TIME OF LATEST TRANSACTION | |
| control field | 20260515113718.0 |
| 008 - FIXED-LENGTH DATA ELEMENTS--GENERAL INFORMATION | |
| fixed length control field | 120216n ii |||gr||||Z||||||asm |
| 040 ## - CATALOGING SOURCE | |
| Transcribing agency | MAIN |
| 082 ## - DEWEY DECIMAL CLASSIFICATION NUMBER | |
| Classification number | 809 |
| 100 ## - MAIN ENTRY--PERSONAL NAME | |
| Personal name | Goswami, Taloikya Nath, |
| Relator term | Author. |
| 245 11 - TITLE STATEMENT | |
| Title | Sahitya alochana |
| Statement of responsibility, etc. | by Taloikya nath Goswami |
| 250 ## - EDITION STATEMENT | |
| Edition statement | 3rd. |
| 260 ## - PUBLICATION, DISTRIBUTION, ETC. | |
| Place of publication, distribution, etc. | Guwahati: |
| Name of publisher, distributor, etc. | Bani Prakash pvt. ltd.,991. |
| 300 ## - PHYSICAL DESCRIPTION | |
| Extent | 325p: |
| Dimensions | 23cm. |
| 653 ## - INDEX TERM--UNCONTROLLED | |
| Uncontrolled term | Assamese literature |
| 653 ## - INDEX TERM--UNCONTROLLED | |
| Uncontrolled term | Sahitya alochana |
| 942 ## - ADDED ENTRY ELEMENTS (KOHA) | |
| Koha item type | Books |
| Withdrawn status | Lost status | Damaged status | Not for loan | Home library | Current library | Shelving location | Date acquired | Total checkouts | Full call number | Barcode | Date last seen | Copy number | Price effective from | Koha item type | Date last checked out | Source of classification or shelving scheme | Collection | Cost, normal purchase price |
|---|---|---|---|---|---|---|---|---|---|---|---|---|---|---|---|---|---|---|
| Naharkatiya College Library | Naharkatiya College Library | General stacks | 09/19/2020 | 809 | GOS | 8054 | 09/19/2020 | 2 | 09/19/2020 | Books | |||||||||
| Naharkatiya College Library | Naharkatiya College Library | General stacks | 09/19/2020 | 1 | 809 | GOS | 8055 | 10/22/2021 | 1 | 09/19/2020 | Books | 10/06/2021 | |||||||
| Naharkatiya College Library | Naharkatiya College Library | General stacks | 06/10/2023 | 4 | 809 | 8053 | 09/14/2023 | 3 | 06/10/2023 | Books | 08/14/2023 | Dewey Decimal Classification | 50.00 |